000 00327nam a2200157Ia 4500
100 _aMinelli/Michael
650 _aBig data
942 _cBK
366 _f20
654 _abig data
245 _aBig data big analytics
260 _bWiley India.
_c2013
082 _bMIN
300 _a187
546 _aENGLISH
_celectronics
999 _c33793
_d33793